Fish (Record no. 83875)

MARC details
000 -LEADER
fixed length control field 00269pam a2200133 a 4500
020 ## - INTERNATIONAL STANDARD BOOK NUMBER
Terms of availability
041 ## - LANGUAGE CODE
Language code of text/sound track or separate title eng
082 ## - DEWEY DECIMAL CLASSIFICATION NUMBER
Item number PAT
100 ## - MAIN ENTRY--PERSONAL NAME
Personal name Parker, Stern .
245 ## - TITLE STATEMENT
Title Fish
Medium Textual Documents
260 ## - PUBLICATION, DISTRIBUTION, ETC.
Place of publication, distribution, etc. [s.l]:
Name of publisher, distributor, etc. World Book INC
300 ## - PHYSICAL DESCRIPTION
Extent 63 pg .
930 ## - EQUIVALENCE OR CROSS-REFERENCE-UNIFORM TITLE HEADING [LOCAL, CANADA]
Uniform title 6964
Holdings
Withdrawn status Lost status Damaged status Not for loan Collection Home library Current library Date acquired Source of acquisition Cost, normal purchase price Total Checkouts Full call number Barcode Date last seen Copy number Price effective from Koha item type
          Yashwantrao Mohite College of Arts, Science And Commerce, Pune Yashwantrao Mohite College of Arts, Science And Commerce, Pune 18/05/2021 Lotus Learning 399.20   PAT YMP-40140 24/02/2023 1 24/02/2023 Book